Österreich Logo Quiz #1 - Statistiken

Allgemein
  • Dieses Quiz wurde 48 mal gespielt
  • Das Durchschnittsergebnis liegt bei 5 aus 10
Antwortstatistiken
Bildquiz Antwort % Korrekt
Red Bull
100%
XXXLutz
77%
Österreichische Post
72%
Raiffeisen Bank
67%
Strabag
47%
Atomic
44%
Uniqa
42%
OMV
19%
Andritz
12%
Wienerberger
5%
Keine übereinstimmenden Quizze gefunden
Verteilung der Resultate
Anzahl Personen mit jedem Resultat
Perzentil nach korrekt beantworteten Fragen
Ihre Resultats-Entwicklung
Sie haben dieses Quiz noch nicht gespielt